| 000 | 00345nam a22001457a 4500 | ||
|---|---|---|---|
| 003 | OSt | ||
| 005 | 20160727222344.0 | ||
| 008 | 160620b xxu||||| |||| 00| 0 eng d | ||
| 040 | _cTest | ||
| 100 |
_9172 _aBeers, G |
||
| 245 | _aThrough Golden Windows | ||
| 260 |
_aU.S.A _b Moody Press _c1975 |
||
| 300 | _aThrough Golden Windows | ||
| 942 |
_2ddc _cBK |
||
| 999 |
_c143 _d143 |
||